00278nam a2200121Ia 4500008004100000041001200041082001100053100001200064245005500076260000600131650000600137700001300143221030s9999 xx 000 0 und d aEnglish a105.23 aN. Basu 3aAn Introduction to Mechanicscby N. Basu, S. Nanda c0 aB aS. Nanda